| 000 | 00618nam a22002057a 4500 | ||
|---|---|---|---|
| 003 | BT-PhCST | ||
| 005 | 20220707101551.0 | ||
| 008 | 200730b ||||| |||| 00| 0 eng d | ||
| 020 | _a193069945x | ||
| 040 | _cBT-PhCST | ||
| 050 | _a8403 | ||
| 082 |
_222 _a658.404 _bPMI |
||
| 100 | _aProject Management Institute | ||
| 245 |
_aA guide to the project management body of knowledge : _b(PMBOK guide) / |
||
| 250 | _a3rd ed. | ||
| 260 |
_aNewtown Square, Pennsylvania, USA : _bProject Management Institute, Inc., _cc2004. |
||
| 300 |
_aviii, 390 p. : _bill. ; _c28 cm. |
||
| 500 | _aIncludes index. | ||
| 942 |
_2ddc _cIT _04 |
||
| 999 |
_c23 _d23 |
||